000 00678nam a2200253Ia 4500
001 24284
005 20240114000759.0
007 ta
008 060407s1945 g b000 u 465 u
040 _aCotton College,Assam
041 _a465
082 _a338.947
_bK 269 P
100 _aKehkwick, J.G. .
245 0 _aPlanned Reconstruction in the Soviet Union /
_cJ.G. Kehkwick.
_hTextual Documents
250 _a1st ed. /
260 _aLondon :
_bRussia Today Publication ,
_c1945.
300 _a23p. ;
_c18cm.
653 _aEconomic Planning
653 _aEconomics
653 _aG-Economics
942 _2ddc
_cBK
999 _c24266
_d24266